Random Questions #2 - Statistics

General Stats
  • This quiz has been taken 37 times
  • The average score is 7 of 13
Answer Stats
Question Answer % Correct
What word should i capitalize in this sentence to make it correct? I
97%
Which English pronoun is third-person masculine? He
79%
What word is made from the code: November Echo Victor Echo Romeo? Never
79%
"When you go to the store, get chips and guns." What is the conjunction in that sentence? And
76%
What word can be put in front of "yard", "ground", or "pack" to make a new word? Back
76%
In English, which word is a "definite" article? The
76%
What is the postal abbreviation of Maine? ME
66%
The Greek root "chron" means what? Time
52%
What is the State of Delaware's nickname? First
21%
Hank wrote "Old Oke" on the wall. What word can those letters be rearranged to? Looked
17%
What is the second word of the 2000 film, starring Tom Hanks? Away
14%
What horror movie franchise was made by James Wan and Leigh Whannell? Saw
14%
What are the first three letters in the capital of the State of Jharkhand? Ran
0%
No matching quizzes found
Score Distribution
Percent of People with Each Score
Percentile by Number Answered
Your Score History
You have not taken this quiz